000 00367 a2200157 4500
001 155146
040 _cEscola São Tomás de Aquino
100 _aOLIVEIRA, Letícia Fagundes de
240 1 0 _aLigados .com História 3
_lpor
245 1 0 _aLigados .com História 3
300 _a128
362 0 _a2015
440 1 _aSaraiva
697 _aHISTÓRIA
942 _cBK
999 _c155146
_d155146